000 00689nam a2200241Ia 4500
003 OSt
005 20220923214611.0
006 a|||||r|||| 00| 0
007 ta
008 220922b |||||||| |||| 00| 0 hin d
024 _a171,201
037 _cTextual
040 _aARTS
_cARTS
_bhin
041 _2hin
_ahin
082 _aO152,3N16,PV, K2
100 _aशर्मा, यज्ञदत
_9156318
245 0 _aपहला वर्ष
246 _aPahalā varṣha
260 _c1962
650 _aहिन्दी साहित्य
_9156264
942 _hO152,3N16,PV, K2
_cTEXL
_2CC
999 _c325426
_d325426